01266nam a2200289Ia 4500001001200000003000800012006001900020007001500039008004100054020001800095020002600113040002100139035002100160050002800181100002600209245022400235260004100459300002200500500002000522533015200542650004300694650005000737655002900787710001700816856012600833999001700959ebr10642550CaPaEBRm u cr cn|||||||||130118s2012 enka s 001 0 eng d z9781849693004 z9781849693011 (ebook) aCaPaEBRcCaPaEBR a(OCoLC)84755054414aQA76.76.I57bH47 2012eb1 aHershleder, Benjamin.10aAvid Media Composer 6.x cookbookh[electronic resource] :bover 160 highly effective and practical recipes to help beginning and intermediate users get the most from Avid Media Composer 6 editing /cBenjamin Hershleder. aBirmingham, UK :bPackt Pub.,c2012. av, 404 p. :bill. aIncludes index. aElectronic reproduction.bPalo Alto, Calif. :cebrary,d2013.nAvailable via World Wide Web.nAccess may be limited to ebrary affiliated libraries. 0aProject managementxComputer programs. 0aElectronic data processingxBatch processing. 7aElectronic books.2local2 aebrary, Inc.40uhttp://site.ebrary.com/lib/rucke/Doc?id=10642550zAn electronic book accessible through the World Wide Web; click to view c32833d32833